| 000 -LEADER |
| fixed length control field |
00849nam a2200241Ia 4500 |
| 001 - CONTROL NUMBER |
| control field |
16710 |
| 003 - CONTROL NUMBER IDENTIFIER |
| control field |
GE_BSU |
| 008 - FIXED-LENGTH DATA ELEMENTS--GENERAL INFORMATION |
| fixed length control field |
181216s||||||||xx |||||||||||||| ||und|| |
| 040 ## - CATALOGING SOURCE |
| Transcribing agency |
GE_BSU |
| 080 ## - UNIVERSAL DECIMAL CLASSIFICATION NUMBER |
| Universal Decimal Classification number |
39 + 821.161.1-32 |
| 100 ## - MAIN ENTRY--PERSONAL NAME |
| Personal name |
იტსი, რუდოლფ |
| 245 ## - TITLE STATEMENT |
| Title |
ლოტოსის ყვავილი |
| 245 ## - TITLE STATEMENT |
| Remainder of title |
ეთნოგრაფის ნაამბობი |
| 245 ## - TITLE STATEMENT |
| Statement of responsibility, etc. |
რედ.გ.კუბლაშვილი. მხ.თ.კარბელაშვილი |
| 260 ## - PUBLICATION, DISTRIBUTION, ETC. |
| Place of publication, distribution, etc. |
თბილისი |
| 260 ## - PUBLICATION, DISTRIBUTION, ETC. |
| Name of publisher, distributor, etc. |
საბჭ. საქართველო |
| 260 ## - PUBLICATION, DISTRIBUTION, ETC. |
| Date of publication, distribution, etc. |
1965 |
| 300 ## - PHYSICAL DESCRIPTION |
| Extent |
139გვ. ; 20სმ |
| 653 ## - INDEX TERM--UNCONTROLLED |
| Uncontrolled term |
ეთნოგრაფია |
| 653 ## - INDEX TERM--UNCONTROLLED |
| Uncontrolled term |
ეთნოგრაფის ნაამბობი |
| 653 ## - INDEX TERM--UNCONTROLLED |
| Uncontrolled term |
ლოტოსის ყვავილი |
| 942 ## - ADDED ENTRY ELEMENTS (KOHA) |
| Koha item type |
წიგნი |